Normal view MARC view

Entry Topical Term

Number of records used in: 1

001 - CONTROL NUMBER

  • control field: 15290

003 - CONTROL NUMBER IDENTIFIER

  • control field: OSt

005 - DATE AND TIME OF LATEST TRANSACTION

  • control field: 20250320223740.0

008 - FIXED-LENGTH DATA ELEMENTS

  • fixed length control field: 250320|| aca||aabn | a|a d

040 ## - CATALOGING SOURCE

  • Original cataloging agency: OSt
  • Transcribing agency: OSt

150 ## - HEADING--TOPICAL TERM

  • Topical term or geographic name entry element: Clothing and textile

670 ## - SOURCE DATA FOUND

  • Source citation: Work cat.: (OSt)3959: Castillo, Danica P., author. 14893, Development and validation of learning elements in Garments 102 in Drafting basic Patterns for Girls at Cavite State University-Rosario, Rosario, Cavite S.Y. 2005 - 2006 /, 2006